000 00210nam a22000977a 4500
003 OSt
008 210112b ||||| |||| 00| 0 eng d
100 _aSankarakurup, G
_94808
245 _aSooryakanthi
942 _cBK
999 _c16406
_d16406